For kids only!!! - Statistics

General Stats
  • This quiz has been taken 3,054 times
  • The average score is 12 of 15
Answer Stats
Hint Answer % Correct
What sweet treat do bees make? Honey
97%
What organ is used to breathe? Lung
95%
What is 5 plus 5? 10
94%
How may dwarves are in the Snow White story? 7
93%
What color do you get if you mix blue and yellow? Green
93%
How many body sections does an ant have? 3
92%
How many Doodlebops are there? 3
92%
What color do you get if you mix red and blue? Purple
90%
Which one of the Avenger's turns green when he's angry? Hulk
86%
What is Mickey's dog called? Pluto
81%
What is the name of the snowman that comes to life in the famous Christmas song? Frosty
75%
Who is the main villian in the Harry Potter movies? Voldemort
69%
What is the girl Smurf's name? Smurfette
61%
What is Bugs Bunny's most famous quote? What's up Doc?
60%
Which one of the X-Men shoots lasers from his eyes? Cyclops
35%
No matching quizzes found
Score Distribution
Percent of People with Each Score
Percentile by Number Answered
Your Score History
You have not taken this quiz